| 000 | 00929cam a2200301 a 4500 | ||
|---|---|---|---|
| 999 |
_c2324 _d2324 |
||
| 001 | .b30832184 | ||
| 003 | OCoLC | ||
| 005 | 20230414085340.0 | ||
| 008 | 030806s2007 enka j 000 1 eng | ||
| 020 | _a0746057741 (pbk.) | ||
| 020 | _a9780746057742 (pbk.) | ||
| 035 | _a(OCoLC)52879298 | ||
| 040 |
_aUKM _beng _cUKM _dSINLB _dOCLCQ _dCEG _dKH8 |
||
| 042 | _anbic | ||
| 049 | _aCEGA | ||
| 082 | 0 | _a823.92 DAY | |
| 100 | 1 |
_aDaynes, Katie. _eAuthor |
|
| 245 | 1 | 0 |
_aAli Baba and the forty thieves / _cretold by Katie Daynes ; illustrated by Paddy Mounter. |
| 260 |
_aLondon : _bUsborne, _c2007. |
||
| 300 |
_a48 p. : _bcol. ill. ; _c20 cm. |
||
| 490 | 1 | _aUsborne young reading. Series one. | |
| 650 | 0 |
_aFolklore, Arab _vJuvenile literature. |
|
| 655 | 0 | _aReaders (Primary) | |
| 655 | 0 | _aChildren's stories. | |
| 700 | 1 |
_aMounter, Paddy. _eIllustrator |
|
| 830 | 0 |
_aUsborne young reading. _nSeries one. |
|
| 942 |
_2ddc _cFIC |
||